000 00457nam a2200157 i 4500
001 73147
003 ES-MaACL
005 20230906171702.0
007 t|
008 040907s1961 sp ||||1| spa d
100 1 _aGómez Pérez, José.
_958108
245 1 0 _aGuía de los Archivos de Estado italianos /
_cJosé Gómez Pérez.
260 _aMadrid :
_b[s.n.,
_c1961] (
_fImp. Góngora)
300 _a352 p. ;
_c23 cm.
852 _aES-MaACL
_jC-20905
_bR.49230
999 _c73147
_d73147